| 000 | 00729nam a22002057a 4500 | ||
|---|---|---|---|
| 005 | 20240626154742.0 | ||
| 010 | _aB-759975 | ||
| 020 |
_c105.00 _a9789325962996 |
||
| 035 | _aB-759975 | ||
| 037 | _bGift/25.06.2024 | ||
| 082 | _aN | ||
| 100 |
_aJha,Nilima _967796 |
||
| 245 |
_aOnce upon Time/ _cby Nilima jha |
||
| 260 |
_aNew Delhi _bMadhubun Educational books _c2013 |
||
| 270 |
_a576, Masjid road, jangpura _bNew Delhi _e110014 |
||
| 300 |
_a102p. _c22cm(pbk) |
||
| 520 | _aCollects anecdotes from teenagers about friendship, peer pressure, self-acceptance, family life, relationships, and overcoming obstacles. | ||
| 942 |
_2ddc _cCH _mDUM _hN |
||
| 999 |
_c203755 _d203755 |
||